000 00654nam a2200229Ia 4500
003 OSt
005 20220918225043.0
006 a|||||r|||| 00| 0
007 ta
008 220917b |||||||| |||| 00| 0 eng d
024 _a236,374
037 _cTextual
040 _aARTS
_cARTS
_beng
041 _2eng
_aeng
082 _aU5:2:N5574, J5;1
110 _aStates reorganisation commission (of the .....)
_9149580
245 0 _aStates reorganisation commission
_b Report
260 _c1955
700 _aStates reorganisation commission (of the .....)
_9149581
942 _hU5:2:N5574, J5;1
_cTEXL
_2CC
999 _c283269
_d283269